Missing Word: Spoof Movies A-Z Quiz Stats

Quiz Updated Oct 27, 2015

Challenge
Share
Tweet
Embed
Score 0/26 Timer 04:00
0 Plays Today
Movie Title Missing Word % Correct
Monty Python and the Holy _____ (1975)Grail
98.1%
_____ Hood: Men in Tights (1993)Robin
97.6%
_____ Fu Hustle (2004)Kung
96.8%
Scary _____ (2000)Movie
96.7%
_____ Royale (1967)Casino
95.8%
_____ Saddles (1974)Blazing
95.4%
Shaun of the _____ (2004)Dead
94.5%
This Is Spinal _____ (1984)Tap
94.4%
_____ Frankenstein (1974)Young
92.4%
Not _____ Teen Movie (2001)Another
92.3%
Spies Like _____ (1985)Us
91.4%
_____ Shots! (1991)Hot
91.1%
Galaxy _____ (1999)Quest
87.6%
Movie Title Missing Word % Correct
Austin Powers: _____ Man of Mystery (1997)International
85%
The _____ Gun: From the Files of Police Squad! (1988)Naked
80.1%
The Kentucky _____ Movie (1977)Fried
79.9%
_____: The Gay Blade (1981)Zorro
68.3%
_____ Man Flint (1966)Our
63.1%
Comrade _____ (1940)X
60.8%
Kung Pow: _____ the Fist (2002)Enter
59.9%
_____ Suck (2010)Vampires
59.4%
Team America: World _____ (2004)Police
55.8%
_____ English (2003)Johnny
55.4%
_____ Weapon 1 (1993)Loaded
31%
Top _____! (1984)Secret
21.9%
_____ Accused (1998)Wrongfully
17.4%

Today's Daily Dose

You're not logged in!

Compare scores with friends on all Sporcle quizzes.
Join for Free
OR
Log In

You Might Also Like...

Show Comments

Extras

Top Quizzes Today


Score Distribution

Your Account Isn't Verified!

In order to create a playlist on Sporcle, you need to verify the email address you used during registration. Go to your Sporcle Settings to finish the process.

Report this User

Report this user for behavior that violates our Community Guidelines.

Details: